|
|
|
|
| LEADER |
01357nam a2200373 a 4500 |
| 001 |
000377465 |
| 003 |
CZ BrMZK |
| 005 |
20210315152330.0 |
| 007 |
ta |
| 008 |
980115s1998 xr e f 0 cze d |
| 015 |
|
|
|a cnb000659606
|
| 020 |
|
|
|a 80-7226-099-5
|
| 035 |
|
|
|a (OCoLC)42616365
|
| 040 |
|
|
|a BOA001
|b cze
|
| 072 |
|
7 |
|a 004.4/.6
|x Programování. Software
|2 Konspekt
|9 23
|
| 080 |
|
|
|a 004.42Excel
|2 MRF
|
| 080 |
|
|
|a 004.67
|2 MRF
|
| 080 |
|
|
|a (035)
|2 MRF
|
| 100 |
1 |
|
|a Urbánek, Tomáš,
|d 1972-
|7 jn20001227189
|4 aut
|
| 245 |
1 |
0 |
|a Microsoft Excel 97 pro vědce a inženýry /
|c Tomáš Urbánek, Jaroslav Škárka
|
| 250 |
|
|
|a Vyd. 1.
|
| 260 |
|
|
|a Brno :
|b Computer Press,
|c 1998
|
| 300 |
|
|
|a xiv, 434 s. :
|b il. ;
|c 23 cm +
|e 1 DIS
|
| 490 |
1 |
|
|a Kancelář
|
| 500 |
|
|
|a Ke knize vyd. 1 disketa: sig=DIS-1052.726
|
| 650 |
0 |
7 |
|a Microsoft Excel 97 (software)
|7 ph117051
|2 czenas
|
| 650 |
0 |
7 |
|a tabulkové procesory
|7 ph116391
|2 czenas
|
| 655 |
|
7 |
|a příručky
|7 fd133209
|2 czenas
|
| 700 |
1 |
|
|a Škárka, Jaroslav
|4 aut
|
| 830 |
|
0 |
|a Kancelář (Computer Press)
|0 s
|
| 856 |
4 |
1 |
|u http://www.digitalniknihovna.cz/mzk/uuid/uuid:3da38b40-00e0-11e4-89c6-005056827e51
|y Digitalizovaný dokument
|x NDK
|
| 910 |
|
|
|a BOA001
|b 2-1052.725
|
| 990 |
|
|
|a BK
|
| 996 |
6 |
|
|b 2610082640
|c 2-1052.725
|l MZK
|r Sklad / do 1 hodiny
|n 22
|p p.v.
|w 000377465
|u 000010
|a 1
|e BOA001
|j MZK50
|s P
|